00388nam a2200133Ia 4500003000400000005001700004008004100021040000900062082002100071100001800092245008500110260005000195300000900245OSt20200602094659.0190216s9999||||xx |||||||||||||| ||und|| coclc a330.91719bALA/C aAlavi, Hamza  0aCapitalism And Colonial Production /cHamza Alavi ; P L Burns ; G R Knight ..... bCroom Helm London And Sydney,c1982.aLondon: a198p